| 000 | 00460cam a2200181ua 4500 | ||
|---|---|---|---|
| 001 | 3750 | ||
| 008 | 111213n ii |||gr||||Z||||||asm | ||
| 040 | _cMAIN | ||
| 082 | _a891.4518 | ||
| 100 | _aDihingia, Mamoni, | ||
| 245 | 1 | 1 |
_aSamayar para samayaloi _cby Mamoni Dihingia |
| 250 | _a1st. | ||
| 260 |
_aDibrugarh: _bKaustubh Prakashan, _c2004. |
||
| 300 |
_a146p: _c23cm. |
||
| 653 | _aAssamese rachanawali | ||
| 653 | _aSamayar para samayaloi | ||
| 942 | _cBK | ||
| 999 |
_c3576 _d3576 |
||